Statistics for About Cristiano Ronaldo

Click here to take the quiz!

General Stats

  • This quiz has been taken 61 times
  • The average score is 4 of 12

Answer Stats

Questions About CR7Answer% Correct
Number of ballon d'or wins5
79%
What is his full nameCristiano Ronaldo dos Santos Aveiro
70%
Current TeamManchester United
70%
Who is Ronaldo Archrival on PSGLionel Messi
60%
Ronaldo got injured against what team in world cup finalFrance
53%
What is his wife nameGeorgina Rodríguez
51%
name of 4 year old sonMateo
23%
oldest daughter nameEva
12%
Where was he bornFunchal, Portugal
7%
What was his first joined teamClube Desportivo Nacional of Madeira
5%
What is his meme celebrationsiuuuuuuuuuuuuuuuuuuuuuuuuuuuu
5%
Cristiano Fathers nameJosé Dinis Aveiro
2%

Score Distribution

Percentile by Number Answered

Percent of People with Each Score

Your Score History

You have not taken this quiz